The Living Tombstone Songs & Remixes by Picture - Statistics

General Stats
  • This quiz has been taken 11 times
  • The average score is 30 of 80
Answer Stats
Picture Answer % Correct
My Ordinary Life
100%
Discord Remix
90%
Five Nights at Freddy's 1 Song
90%
Five Nights at Freddy's 2 Song
80%
No Mercy
70%
Poison (Official Hazbin Hotel Remix)
70%
Spooky Scary Skeletons Remix
70%
Alastor's Game (Hazbin Hotel Song)
60%
Baldi's Basics Song - Basics in Behavior
60%
Beep Beep I'm A Sheep Remix
60%
Cats
60%
FNAF 3 - Die in a Fire
60%
FNAF 4 - I Got No Time
60%
FNAF SL - I Can't Fix You
60%
Ghostbusters Theme Song Remix
60%
Join Us for a Bite (FNAF SL Remix)
60%
We Are Number One Remix
60%
Bendy and the Ink Machine Remix
50%
Bonetrousle Remix
50%
Drunk
50%
Jump Up, Super Star! Remix
50%
Cut the Cord
40%
Dog of Wisdom Remix
40%
Epoch Remix
40%
Globgogabgalab Remix
40%
Goose Goose Revolution (Untitled Goose Game)
40%
It's Raining Men Remix
40%
Jenny Remix
40%
Pikachu's Lament
40%
Rats Remix
40%
Sunburn
40%
Tattletail Song Remix - Don't Tattle On Me
40%
Absolute Territory Remix
30%
Can't Wait
30%
Collecting Cookies
30%
Cuphead Remix - Floral Fury
30%
ECHO Remix
30%
Eddsworld - Fun Dead Theme
30%
Everything is Fine (Remix)
30%
FNAF SB - This Comes From Inside
30%
Goodbye Moonmen (Rick & Morty Remix)
30%
Here Comes a Savior (In Sound Mind OST)
30%
I Wanna Be A Machine (Beat Saber OST 5)
30%
Jumping Devil
30%
Last Christmas Remix
30%
Lazy
30%
Markiplier Rock Opera
30%
Memory (Kingdom Hearts Original Song)
30%
Report, Report, Report! (Among Us Song)
30%
Sorry Jack Remix
30%
Spooky's Jump Scare Mansion Song (1000 Doors)
30%
Squid Melody
30%
THE ROAD TO EL DORADO REMIX!
30%
What I Want
30%
A Doll's House (In Sound Mind OST)
20%
Animal
20%
Be Alone
20%
Bottom of the Pit (In Sound Mind OST)
20%
Carol of the Bells Remix
20%
Chosen
20%
Cuphead Remix - Clip Joint Calamity
20%
Cuphead Remix - Inkwell Isle One
20%
Fly Home
20%
Getting Bigger
20%
Grim Grinning Ghost
20%
Hampire Remix
20%
Hit The Snooze
20%
Hunters [DreadXP Song]
20%
Is It Me? (In Sound Mind OST)
20%
Long Time Friends
20%
Love I Need
20%
Me and the Boys (In Sound Mind OST)
20%
Quartermaster
20%
Right Now (Deltarune Song)
20%
Step on Up (FNAF SB Monty Song)
20%
Super Smash Mouth Bros.
20%
Temporary Love
20%
Trapped (Hello Neighbor 2 Song)
20%
Yumbo Bear - דובון יומבו
20%
zero_one
20%
No matching quizzes found
Score Distribution
Percent of People with Each Score
Percentile by Number Answered
Your Score History
You have not taken this quiz